000 00790nam a2200253 i 4500
001 80484
003 ES-MaACL
005 20250807210239.0
007 t|
008 041028s1977 sp ||||1| spa d
080 _a612.62
100 1 _aHite, Shere.
_963834
245 1 3 _aEl informe Hite
_b: estudio de la sexualidad femenina /
_cShere Hite ; [traducción de Jaime Tomás ; edición revisada por Carmen Grau].
250 _a1ª ed.
260 _aEsplugas de Llobregat, Barcelona :
_bPlaza & Janés,
_c1977.
300 _a664 p. ;
_c18 cm.
490 1 _aVaria
650 4 _aMujeres-
_xConducta sexual
_915259
700 1 _aTomás, Jaime.
_9110503
700 1 _aGrau, Carmen.
_959727
830 0 _aVaria
_9180562
852 _aES-MaACL
_jA-8129
_bR.97038
999 _c80484
_d80484